El poder político en el pueblo wayuu: re definiciones y nuevos liderezgos . = Political power among the wayúu people, redefinitions and new leaderships /
Guardado en:
| Autor principal: | |
|---|---|
| Otros Autores: | , |
| Formato: | Texto |
| Materias: | |
| Etiquetas: |
Agregar Etiqueta
Sin Etiquetas, Sea el primero en etiquetar este registro!
|
MARC
| LEADER | 00000 a a2200000 04500 | ||
|---|---|---|---|
| 001 | 7349 | ||
| 003 | |||
| 040 | |||
| 100 | |a Alarcón Puentes, Johnny | ||
| 245 | |a El poder político en el pueblo wayuu: re definiciones y nuevos liderezgos . = |b Political power among the wayúu people, redefinitions and new leaderships / |c Johnny Alarcón Puentes ; Carmen Paz Revero ; Morelva Leal Jerez | ||
| 650 | |a PODER POLITICO | ||
| 650 | |a POLITICA | ||
| 650 | |a ESTADO | ||
| 650 | |a ETNOGRAFIA | ||
| 650 | |a ANTROPOLOGIA | ||
| 650 | |a VENEZUELA | ||
| 700 | |a Paz Reverol, Carmen | ||
| 700 | |a Leal Jerez, Morelva | ||
| 773 | |g volumen 16, número 2; páginas 261-276 | ||
| 999 | |c 28050 |d 28050 | ||
